000
00300cam a2200121ua 4500
082
_a
824
_b
AND/PR
100
_a
Andrews, George .
_9
1668
245
_a
Prose for Language Learning /
250
_a
1 /
260
_a
Cochin :
_b
Paico Publishing House ,
_c
1970.
300
_a
180 ;
_e
Atlas.
942
_c
BK
999
_c
5299
_d
5299